Métodos cuantitativos para los negocios

Guardat en:
Dades bibliogràfiques
Autors principals: Anderson, David R (Autor), Sweeney, Dennis J (Autor), Williams, Thomas A (Autor)
Format: Llibre
Idioma:espanyol
Publicat: Ciudad de México International Thomson 2004
Edició:9a. ed
Matèries:
Etiquetes: Afegir etiqueta
Sense etiquetes, Sigues el primer a etiquetar aquest registre!

MARC

LEADER 00000nam a2200000 a 4500
001 UCK8959
003 CL-VaPUC
008 060413e20040000MX |||||||||||||||||spa|d
020 |a 9706863729 
082 0 4 |a 650.0727  |b AND  |2 21 
100 0 |a Anderson, David R  |e author  |9 498682 
700 0 |a Sweeney, Dennis J  |e author  |9 498683 
700 0 |a Williams, Thomas A  |e author  |9 498684 
245 1 0 |a Métodos cuantitativos para los negocios 
250 |a 9a. ed 
300 |a 822 p 
942 |c BK 
945 |d 20060413 00:00:00  |a cmena 
260 |a Ciudad de México  |b International Thomson  |c 2004 
650 0 |a Administración de empresas   |9 260833 
650 0 |a Probabilidades   |9 260199 
650 7 |a METODOS CUANTITATIVOS  |2 CL-VaPUC  |9 498685 
650 0 |a Teoría de probabilidades   |9 336944 
650 0 |a Programación lineal   |9 23 
650 0 |a Estadística matemática  |9 260028 
583 |a last modification  |c 20060413 00:00:00  |k Rodrigo Vera 
999 |c 316329  |d 316327 
952 |0 0  |1 0  |4 0  |6 650_072700000000000_AND_2004  |7 0  |8 A  |9 390626  |a BIBGIM  |b BIBGIM  |d 2019-11-22  |i 4221435  |o 650.0727 AND 2004  |p 4221435  |r 2025-01-15  |w 2019-11-22  |y BK  |k EST 
952 |0 0  |1 0  |4 0  |6 650_072700000000000_AND_2004  |7 0  |8 A  |9 390627  |a BIBGIM  |b BIBGIM  |d 2019-11-22  |i 4221443  |l 1  |o 650.0727 AND 2004  |p 4221443  |r 2025-01-15  |s 2024-06-25  |w 2019-11-22  |y BK  |k EST 
952 |0 0  |1 0  |4 0  |6 650_072700000000000_AND_2004  |7 0  |8 A  |9 390628  |a BIBGIM  |b BIBGIM  |d 2019-11-22  |i 4221451  |o 650.0727 AND 2004  |p 4221451  |r 2025-01-15  |w 2019-11-22  |y BK  |k EST